[Event "Challenge"]
[Site "http://www.queenalice.com/game.php?id=1060131"]
[Date "2012.5.16"]
[Round "-"]
[White "markim04"]
[Black "discover100"]
[Result "0-1"]
[WhiteElo "1897"]
[BlackElo "1785"]

1. d4 Nf6 2. c4 e6 3. Nc3 Bb4 4. Nf3 O-O 5. Qc2 d5 6. a3 Bxc3+ 7. bxc3 Nbd7 8.
cxd5 exd5 9. Bg5 h6 10. Bh4 c6 11. e3 Qc7 12. Bd3 Re8 13. O-O Ne4 14. c4 dxc4
15. Bxe4 b5 16. a4 b4 17. Qxc4 Rxe4 18. Bg3 Qb6 19. Rab1 Ba6 20. Qc2 Bxf1 21.
Qxe4 Nf6 22. Qe7 Nd5 23. Qc5 Qxc5 24. dxc5 Bd3 25. Rb2 a5 26. Ne5 Be4 27. Nxc6
Nc3 28. Ne5 Nxa4 29. Ra2 Nxc5 30. Nc4 Bd5 31. Rc2 b3 32. Rc1 Bxc4 33. Rxc4 b2
0-1

[Event "Challenge"]
[Site "http://www.queenalice.com/game.php?id=1065395"]
[Date "2012.5.29"]
[Round "-"]
[White "discover100"]
[Black "plot24"]
[Result "1-0"]
[WhiteElo "1745"]
[BlackElo "1886"]

1. d4 d5 2. c4 e6 3. Nc3 Nf6 4. e3 Be7 5. Nf3 c6 6. cxd5 Nxd5 7. Bd3 O-O 8. O-O
Bd7 9. Ne5 f6 10. Nxd7 Nxd7 11. e4 Nxc3 12. bxc3 Qc7 13. Re1 Rae8 14. Qb3 Kh8
15. Qxe6 Bd6 16. Qh3 g5 17. e5 fxe5 18. Qxh7# 1-0

[Event "Challenge"]
[Site "http://www.queenalice.com/game.php?id=1065899"]
[Date "2012.5.30"]
[Round "-"]
[White "discover100"]
[Black "caspaloeuf"]
[Result "1-0"]
[WhiteElo "1722"]
[BlackElo "1579"]

1. d4 d5 2. c4 dxc4 3. e3 b5 4. a4 c6 5. axb5 cxb5 6. Qf3 e6 7. Qxa8 Na6 8. Qc6+
Qd7 9. Qxd7+ Bxd7 10. Rxa6 Bb4+ 11. Bd2 Bxd2+ 12. Nxd2 Nf6 13. Ngf3 Ke7 14. Rxa7
Rc8 15. Be2 c3 16. bxc3 Rxc3 17. O-O Nd5 18. Bxb5 Nb6 19. Ne5 1-0

[Event "Challenge"]
[Site "http://www.queenalice.com/game.php?id=1072227"]
[Date "2012.6.15"]
[Round "-"]
[White "jovelino"]
[Black "discover100"]
[Result "1-0"]
[WhiteElo "2147"]
[BlackElo "1832"]

1. e4 e6 2. d4 d5 3. Nd2 dxe4 4. Nxe4 Nd7 5. Nf3 Ngf6 6. Bd3 Nxe4 7. Bxe4 Nf6 8.
Bd3 b6 9. Qe2 Bb7 10. Bd2 c5 11. dxc5 Bxc5 12. Bb5+ Nd7 13. Ne5 Bc8 14. Qf3 Qf6
15. Nxd7 Bxf2+ 16. Kxf2 Qxf3+ 17. Kxf3 Bxd7 18. Bxd7+ Kxd7 19. Bc3 f6 20. Rad1+
Kc6 21. Rd2 Rad8 22. Rhd1 Rxd2 23. Rxd2 e5 24. g4 Re8 25. Ke4 g6 26. h4 a5 27.
a3 Re6 28. Rd8 Rd6 29. Rxd6+ Kxd6 30. Be1 Ke6 31. a4 f5+ 32. gxf5+ gxf5+ 33. Kf3
Kd5 34. b3 Kc6 35. Bf2 Kc7 36. h5 Kc6 37. h6 Kc7 38. Kg3 Kc6 39. Kh4 f4 40. Kg4
b5 41. c4 bxc4 42. bxc4 Kc7 43. Kf5 Kd6 44. Bb6 f3 45. Ke4 Kc6 46. Bf2 Kd6 47.
Kxf3 1-0

[Event "Let's Play Chess!"]
[Site "http://www.queenalice.com/game.php?id=1082451"]
[Date "2012.7.13"]
[Round "-"]
[White "discover100"]
[Black "charles31"]
[Result "1-0"]
[WhiteElo "1805"]
[BlackElo "1795"]

1. d4 d5 2. c4 dxc4 3. e3 b5 4. a4 c6 5. axb5 cxb5 6. Qf3 e5 7. Qxa8 Qc7 8. Qe4
Nf6 9. Qxe5+ Qxe5 10. dxe5 Ne4 11. Rxa7 Nd7 12. f4 Bc5 13. Ra5 Bb4+ 14. Bd2 Nxd2
15. Rxb5 Nf3+ 16. Kf2 Nd2 17. Rxb4 Nxb1 18. Rxc4 Ke7 19. Nf3 Bb7 20. Rd4 Bxf3
21. Kxf3 Rb8 22. Bc4 Rxb2 23. Rhd1 Nc5 24. h4 Nc3 25. Ra1 Rb7 26. g4 Ne6 27.
Bxe6 Kxe6 28. Ra6+ Ke7 29. f5 g6 30. f6+ 1-0

[Event "Let's Play Chess!"]
[Site "http://www.queenalice.com/game.php?id=1082454"]
[Date "2012.7.13"]
[Round "-"]
[White "discover100"]
[Black "Pipa1957"]
[Result "0-1"]
[WhiteElo "1821"]
[BlackElo "1697"]

1. e4 e6 2. d4 d5 3. exd5 exd5 4. Bd3 Bd6 5. Nf3 Nf6 6. O-O O-O 7. Bg5 h6 8. Bh4
c6 9. c3 Bg4 10. Nbd2 Nbd7 11. Re1 Qc7 12. Qb3 Rae8 13. Re2 Rxe2 14. Bxe2 Bxh2+
15. Nxh2 Bxe2 16. Bg3 Qb6 17. Re1 Qa6 18. Nhf3 Re8 19. Ne5 Nxe5 0-1

[Event "Challenge"]
[Site "http://www.queenalice.com/game.php?id=1082469"]
[Date "2012.7.13"]
[Round "-"]
[White "petraca"]
[Black "discover100"]
[Result "0-1"]
[WhiteElo "1888"]
[BlackElo "1813"]

1. e4 e6 2. Nf3 d5 3. Nc3 dxe4 4. Nxe4 Nd7 5. Bc4 Ngf6 6. d3 Be7 7. Bf4 O-O 8.
O-O c5 9. Re1 Nxe4 10. dxe4 b6 11. Ne5 Nxe5 12. Bxe5 Bb7 13. Qg4 Bf6 14. Rad1
Bxe5 15. Rxd8 Raxd8 16. b3 Rd4 17. Bxe6 Re8 18. Bf5 g6 19. c3 Rd2 20. Bd7 Rd8
21. Bb5 Bxc3 22. Qf3 Bd4 23. Be2 Rxa2 24. Rb1 Re8 25. Rf1 Bxe4 26. Qg4 Bf5 27.
Qf4 Rexe2 28. h3 Rxf2 29. Rxf2 Rxf2 30. Qb8+ Kg7 31. Kh2 Re2 32. Qxa7 Be4 33.
Kg3 Be5+ 34. Kh4 Rxg2 35. Qd7 Bf6# 0-1

[Event "Let's Play Chess!"]
[Site "http://www.queenalice.com/game.php?id=1090949"]
[Date "2012.8.6"]
[Round "-"]
[White "discover100"]
[Black "lida"]
[Result "0-1"]
[WhiteElo "1815"]
[BlackElo "2066"]

1. e4 c6 2. d4 d5 3. Nc3 dxe4 4. Nxe4 Qb6 5. Nf3 Bg4 6. Be2 e6 7. O-O Nd7 8. c3
Ngf6 9. Nxf6+ Nxf6 10. Qc2 Be7 11. h3 Bh5 12. Bf4 Nd5 13. Bg3 O-O 14. Ne5 Bxe2
15. Qxe2 Rad8 16. f4 c5 17. Nc4 Qa6 18. f5 Nb6 19. fxe6 Qxc4 20. exf7+ Rxf7 21.
Rxf7 Qxf7 22. Rf1 Bf6 23. Qg4 Qd7 24. Qf3 cxd4 25. cxd4 Qxd4+ 26. Bf2 Qxb2 27.
Qxb7 Qxa2 28. Bxb6 axb6 29. Qxb6 Bd4+ 0-1

[Event "Let's Play Chess!"]
[Site "http://www.queenalice.com/game.php?id=1090950"]
[Date "2012.8.6"]
[Round "-"]
[White "plot24"]
[Black "discover100"]
[Result "0-1"]
[WhiteElo "1743"]
[BlackElo "1829"]

1. e4 c6 2. Nf3 d5 3. exd5 cxd5 4. d4 Nf6 5. Nc3 Bg4 6. Be2 e6 7. O-O Be7 8. Re1
O-O 9. Ne5 Bxe2 10. Qxe2 Qb6 11. a3 Nc6 12. Nxc6 bxc6 13. Qd3 c5 14. Na4 Qa5 15.
Nxc5 Qxe1+ 0-1

[Event "Challenge"]
[Site "http://www.queenalice.com/game.php?id=1090951"]
[Date "2012.8.6"]
[Round "-"]
[White "GuilhermeCXI"]
[Black "discover100"]
[Result "1-0"]
[WhiteElo "1695"]
[BlackElo "1821"]

1. e4 e5 2. f4 exf4 3. Nf3 d6 4. d4 g5 5. Bc4 Bg4 6. Nc3 Bg7 7. h3 Bh5 8. O-O
Nd7 9. Re1 Qe7 10. Nd5 Qd8 11. e5 dxe5 12. dxe5 Nxe5 13. Nxe5 Bxd1 14. Nc6+ Kf8
15. Nxd8 Rxd8 16. Rxd1 c6 17. Ne3 Bd4 18. Kf2 Bxe3+ 19. Bxe3 fxe3+ 20. Kxe3 Re8+
21. Kf3 Nf6 22. Rf1 Re4 23. Bd3 Rf4+ 24. Kg3 Nh5+ 25. Kh2 Rxf1 26. Rxf1 Kg7 27.
Bc4 Rd8 28. Rxf7+ Kg6 29. Rxb7 Rd2 30. Rxa7 Rxc2 31. Bd3+ 1-0

[Event "Let's Play Chess!"]
[Site "http://www.queenalice.com/game.php?id=1094041"]
[Date "2012.8.18"]
[Round "-"]
[White "discover100"]
[Black "spawnwolfwolverine"]
[Result "1-0"]
[WhiteElo "1800"]
[BlackElo "1765"]

1. e4 e5 2. Nf3 d6 3. Bc4 Bg4 4. h3 Bxf3 5. Qxf3 Qf6 6. Qb3 b6 7. Qc3 Ne7 8. O-O
c6 9. d3 a6 10. f4 b5 11. fxe5 Qxe5 12. Bxf7+ Kd8 13. Bf4 Qxc3 14. Nxc3 g6 15.
Bxd6 Bg7 16. Be6 Bxc3 17. Rf7 Bxb2 18. Bxe7+ Kc7 19. Bf6+ Kb6 20. Bxb2 a5 21.
Bxh8 Na6 22. Bd4+ c5 23. Be5 Re8 24. Rf6 Rxe6 25. Rxe6+ Kb7 26. Rf1 Nc7 27. Rf7
Kc8 28. Rxc7+ Kd8 29. Ra6 c4 30. Ra8# 1-0

[Event "Let's Play Chess!"]
[Site "http://www.queenalice.com/game.php?id=1094043"]
[Date "2012.8.18"]
[Round "-"]
[White "spawnwolfwolverine"]
[Black "discover100"]
[Result "0-1"]
[WhiteElo "1683"]
[BlackElo "1809"]

1. d4 Nf6 2. e3 d5 3. Bd3 g6 4. Nf3 Bg4 5. O-O Bg7 6. c3 c6 7. b4 O-O 8. a4 Nbd7
9. Ba3 Ne4 10. Nbd2 Ndf6 11. c4 Re8 12. Qc2 Bf5 13. Bxe4 Nxe4 14. Nxe4 Bxe4 15.
Qe2 e5 16. dxe5 Bxf3 17. Qxf3 Bxe5 18. Rad1 Qc7 19. g3 dxc4 20. b5 cxb5 21. axb5
Rad8 22. Rxd8 Rxd8 23. Rd1 Rxd1+ 24. Qxd1 Qa5 25. Bd6 Bxd6 26. Qxd6 Qxb5 27.
Qb8+ Kg7 28. Qxa7 Qc6 29. Qd4+ f6 30. h4 c3 31. Kf1 c2 32. Qd2 c1=Q+ 33. Qxc1
Qxc1+ 34. Kg2 f5 35. Kf3 Kf6 36. g4 fxg4+ 37. Kxg4 Qc4+ 38. f4 Qe2+ 39. Kg3 Kf5
40. h5 Qxe3+ 41. Kg2 Kxf4 42. hxg6 hxg6 43. Kf1 Qd2 44. Kg1 Kg3 45. Kf1 Qf2# 0-1

[Event "Let's Play Chess!"]
[Site "http://www.queenalice.com/game.php?id=1103992"]
[Date "2012.9.18"]
[Round "-"]
[White "waveydavey"]
[Black "discover100"]
[Result "1-0"]
[WhiteElo "1754"]
[BlackElo "1832"]

1. d4 d5 2. e4 dxe4 3. Bc4 Nf6 4. Ne2 Bg4 5. O-O e6 6. h3 Bh5 7. Bg5 Bxe2 8.
Qxe2 Qxd4 9. Rd1 Qxb2 10. Bxf6 gxf6 11. Nd2 Nd7 12. Nxe4 O-O-O 13. Rab1 Qe5 14.
Rb5 Qf4 15. Rdb1 Nb6 16. Ra5 Rd4 17. Bd3 Ra4 18. g3 Rg8 19. Kh2 Qh6 20. Rh5 Qg7
21. Nc3 Rb4 22. Rd1 Bd6 23. Rg1 f5 24. Nb5 Kb8 25. Qd2 1-0

[Event "Let's Play Chess!"]
[Site "http://www.queenalice.com/game.php?id=1103995"]
[Date "2012.9.18"]
[Round "-"]
[White "discover100"]
[Black "waveydavey"]
[Result "1-0"]
[WhiteElo "1820"]
[BlackElo "1714"]

1. e4 e5 2. Nf3 Nc6 3. Bc4 f6 4. O-O Nge7 5. c3 d5 6. exd5 Nxd5 7. Qb3 Nce7 8.
Re1 Be6 9. d4 Nc6 10. dxe5 Bc5 11. exf6 Qxf6 12. Bxd5 O-O 13. Rxe6 1-0

[Event "Let's Play Chess!"]
[Site "http://www.queenalice.com/game.php?id=1115569"]
[Date "2012.10.24"]
[Round "-"]
[White "discover100"]
[Black "artephius"]
[Result "0-1"]
[WhiteElo "1832"]
[BlackElo "2127"]

1. e4 c5 2. Nf3 Nc6 3. d4 cxd4 4. Nxd4 Nf6 5. Nc3 d6 6. Bb5 Bd7 7. O-O e5 8.
Nxc6 bxc6 9. Ba4 Be7 10. Qd3 O-O 11. f4 Ng4 12. f5 Qb6+ 13. Kh1 Nf2+ 14. Rxf2
Qxf2 15. Be3 Qh4 16. Qa6 Rfc8 17. Qb7 Be8 18. g3 Qf6 19. h4 h6 20. Bxa7 g6 21.
Rf1 gxf5 22. Rxf5 Qe6 23. Bb3 d5 24. Qb6 Qd7 25. Qe3 Rxa7 26. Qxh6 Qd6 27. Qh5
Qg6 28. exd5 Qxg3 29. Ne4 Qe1+ 30. Kh2 Qxe4 31. d6 Qxh4+ 0-1

[Event "Let's Play Chess!"]
[Site "http://www.queenalice.com/game.php?id=1115570"]
[Date "2012.10.24"]
[Round "-"]
[White "discover100"]
[Black "alterego"]
[Result "0-1"]
[WhiteElo "1825"]
[BlackElo "1733"]

1. e4 c5 2. Nf3 Nc6 3. d4 cxd4 4. Nxd4 g6 5. b3 Bg7 6. Bb2 Nf6 7. Nc3 Ne5 8. Be2
O-O 9. O-O b6 10. f4 Nc6 11. f5 Nxd4 12. Qxd4 Ne8 13. Qd2 e6 14. Ba3 d6 15. Nb5
Bxa1 16. Rxa1 Qf6 17. Rf1 exf5 18. exf5 Bxf5 19. Nd4 Ng7 20. Bb2 Qe7 21. Qh6 d5
0-1

[Event "Let's Play Chess!"]
[Site "http://www.queenalice.com/game.php?id=1115571"]
[Date "2012.10.24"]
[Round "-"]
[White "artephius"]
[Black "discover100"]
[Result "1-0"]
[WhiteElo "2157"]
[BlackElo "1828"]

1. e4 c5 2. Nf3 d6 3. d4 cxd4 4. Nxd4 Nf6 5. Nc3 a6 6. Bc4 e6 7. O-O b5 8. Bd3
Be7 9. a3 O-O 10. Be3 Qc7 11. f4 Nc6 12. Qf3 Bb7 13. g4 h6 14. g5 hxg5 15. fxg5
Nd7 16. Qh5 Nxd4 17. Bxd4 e5 18. Rf3 Bxg5 19. Qxg5 f6 20. Qg6 exd4 21. Nd5 Bxd5
22. exd5 Ne5 23. Qh7+ Kf7 24. Rg3 Rg8 25. Bg6+ Nxg6 26. Qxg6+ Kf8 27. Rf1 Qf7
28. Qe4 Qa7 29. Rd3 Re8 30. Qxd4 Qxd4+ 31. Rxd4 Re2 32. Rf2 Re5 33. b3 Rh8 34.
h4 Rhh5 35. c4 Ke7 36. Kg2 g5 37. hxg5 1-0

[Event "Let's Play Chess!"]
[Site "http://www.queenalice.com/game.php?id=1144613"]
[Date "2013.1.24"]
[Round "-"]
[White "discover100"]
[Black "charles31"]
[Result "1-0"]
[WhiteElo "1805"]
[BlackElo "1697"]

1. e4 e5 2. Nf3 d6 3. d4 exd4 4. Nxd4 h6 5. Bc4 Nf6 6. Nc3 a6 7. Bf4 Bd7 8. Qd2
Nc6 9. Nxc6 Bxc6 10. f3 Nh5 11. Bg3 Qf6 12. O-O-O Be7 13. Rhe1 O-O 14. e5 dxe5
15. Bxe5 Qg5 16. Bxc7 Bf6 17. Ne4 Bxe4 18. Rxe4 Qc5 19. Bd6 Qb6 20. Qb4 Qc6 21.
Bxf8 Rxf8 22. g4 b5 23. Bd5 Bg5+ 24. Kb1 Qd7 25. gxh5 Qh3 26. Rde1 Qxh5 27.
Qxf8+ Kh7 28. Bxf7 1-0

[Event "Challenge"]
[Site "http://www.queenalice.com/game.php?id=1144630"]
[Date "2013.1.24"]
[Round "-"]
[White "discover100"]
[Black "tritabugnol"]
[Result "1-0"]
[WhiteElo "1817"]
[BlackElo "1822"]

1. e4 e5 2. Nf3 Nc6 3. Bc4 Bc5 4. b4 Bb6 5. a4 a5 6. b5 Nce7 7. Nxe5 d5 8. exd5
Nxd5 9. Qf3 Be6 10. Nc3 Ngf6 11. Ba3 Nb4 12. Bxe6 Nxc2+ 13. Kd1 Nd4 14. Bxf7#
1-0

[Event "Let's Play Chess!"]
[Site "http://www.queenalice.com/game.php?id=1154319"]
[Date "2013.2.22"]
[Round "-"]
[White "discover100"]
[Black "josebaron"]
[Result "0-1"]
[WhiteElo "1833"]
[BlackElo "1881"]

1. e4 e5 2. Nf3 Nc6 3. Bc4 Be7 4. d4 exd4 5. Nxd4 d6 6. Nc3 Nf6 7. Nxc6 bxc6 8.
O-O O-O 9. Qf3 Re8 10. Re1 Be6 11. Bxe6 fxe6 12. b3 e5 13. Bb2 Rf8 14. Qd3 Kh8
15. Qc4 Qd7 16. f3 Nh5 17. Rad1 Bh4 18. Rf1 Bg5 19. Ne2 Nf4 20. Bxe5 Nxe2+ 21.
Qxe2 Qe6 22. Bb2 Bf6 0-1

[Event "Let's Play Chess!"]
[Site "http://www.queenalice.com/game.php?id=1154320"]
[Date "2013.2.22"]
[Round "-"]
[White "discover100"]
[Black "spawnwolfwolverine"]
[Result "0-1"]
[WhiteElo "1819"]
[BlackElo "1589"]

1. e4 e5 2. Nf3 d6 3. d4 exd4 4. Nxd4 Bd7 5. Nc3 Nc6 6. Bc4 Nxd4 7. Qxd4 Nf6 8.
Bg5 Be7 9. O-O O-O 10. Rfe1 c5 11. Qd3 a6 12. a4 Bc6 13. Nd5 Bxd5 14. exd5 Re8
15. Re2 h6 16. Bd2 Ng4 17. Bc3 Bf6 18. Rxe8+ Qxe8 19. Qg3 Bxc3 20. Qxc3 Nf6 0-1

[Event "Let's Play Chess!"]
[Site "http://www.queenalice.com/game.php?id=1154322"]
[Date "2013.2.22"]
[Round "-"]
[White "Ruusgugg"]
[Black "discover100"]
[Result "1-0"]
[WhiteElo "1220"]
[BlackElo "1770"]

1. e3 e5 2. Bc4 d5 3. Bb5+ c6 4. Ba4 Nf6 5. Nh3 Bf5 6. d3 Bb4+ 7. c3 Bd6 8. O-O
O-O 9. Nd2 Nbd7 10. b4 Bxd3 11. Re1 e4 12. f3 Qc7 13. f4 b5 14. Bb3 a5 15. Ba3
axb4 16. cxb4 Rxa3 17. Rc1 Bxb4 18. Nf2 Qa5 19. Bc2 Bxd2 20. Bxd3 1-0

[Event "Let's Play Chess!"]
[Site "http://www.queenalice.com/game.php?id=1154323"]
[Date "2013.2.22"]
[Round "-"]
[White "spawnwolfwolverine"]
[Black "discover100"]
[Result "1-0"]
[WhiteElo "1606"]
[BlackElo "1794"]

1. d4 d5 2. e3 Nf6 3. g3 Bg4 4. Be2 Bxe2 5. Nxe2 e6 6. O-O c5 7. dxc5 Bxc5 8.
Nbc3 O-O 9. a3 Nc6 10. b4 Bb6 11. b5 Ne5 12. a4 Ba5 13. Ba3 Re8 14. f4 Neg4 15.
Qd3 Rc8 16. h3 Nxe3 17. Qxe3 Bb6 18. Qxb6 Qxb6+ 19. Kg2 d4 20. Nd1 Rxc2 21. Rf2
Ne4 22. Kf3 Nxf2 23. Nxf2 d3 24. Nxd3 1-0

[Event "Challenge"]
[Site "http://www.queenalice.com/game.php?id=1156045"]
[Date "2013.2.27"]
[Round "-"]
[White "skimonline"]
[Black "discover100"]
[Result "1-0"]
[WhiteElo "1345"]
[BlackElo "1740"]

1. d4 d5 2. Nc3 Nf6 3. e3 e6 4. f3 Bb4 5. a3 Ba5 6. b4 Bb6 7. a4 a6 8. a5 Ba7 9.
b5 O-O 10. bxa6 bxa6 11. h4 Nbd7 12. e4 dxe4 13. Ra4 exf3 14. Qxf3 1-0